Famous people who died in aviation crashes #1 - Statistics

General Stats
  • This quiz has been taken 36 times
  • The average score is 6 of 16
Answer Stats
Picture Answer % Correct
Kobe Bryant
89%
Buddy Holly
81%
John F. Kennedy Jr
64%
Amelia Earhart
61%
John Denver
61%
Aaliyah
47%
Stevie Ray Vaughan
42%
Glenn Miller
28%
Rocky Marciano
28%
Jurij Gagarin
25%
Otis Redding
25%
Carole Lombard
11%
Colin McRae
11%
Leslie Howard
3%
Dag Hammarskjöld
0%
Felix Baumgartner
0%
No matching quizzes found
Score Distribution
Percent of People with Each Score
Percentile by Number Answered
Your Score History
You have not taken this quiz